<?xml version="1.0" encoding="UTF-8"?>
<record
    xmlns:xsi="http://www.w3.org/2001/XMLSchema-instance"
    xsi:schemaLocation="http://www.loc.gov/MARC21/slim http://www.loc.gov/standards/marcxml/schema/MARC21slim.xsd"
    xmlns="http://www.loc.gov/MARC21/slim">

  <leader>00265nam a22001097a 4500</leader>
  <datafield tag="040" ind1=" " ind2=" ">
    <subfield code="c">SK</subfield>
  </datafield>
  <datafield tag="082" ind1=" " ind2=" ">
    <subfield code="a">750</subfield>
  </datafield>
  <datafield tag="100" ind1=" " ind2=" ">
    <subfield code="a">&#x179F;&#x17BD;&#x179F; &#x1785;&#x17C6;&#x178E;&#x17B6;&#x1793;</subfield>
  </datafield>
  <datafield tag="245" ind1=" " ind2=" ">
    <subfield code="a">Rural engineering; &#x179C;&#x17B7;&#x179F;&#x17D2;&#x179C;&#x1780;&#x1798;&#x17D2;&#x1798;&#x1787;&#x1793;&#x1794;&#x1791;</subfield>
  </datafield>
  <datafield tag="260" ind1=" " ind2=" ">
    <subfield code="a">RUA</subfield>
    <subfield code="b">&#x179F;&#x17BD;&#x179F;</subfield>
    <subfield code="c">2011</subfield>
  </datafield>
  <datafield tag="942" ind1=" " ind2=" ">
    <subfield code="c">KB</subfield>
  </datafield>
  <datafield tag="999" ind1=" " ind2=" ">
    <subfield code="c">9244</subfield>
    <subfield code="d">9244</subfield>
  </datafield>
  <datafield tag="952" ind1=" " ind2=" ">
    <subfield code="0">0</subfield>
    <subfield code="1">0</subfield>
    <subfield code="4">0</subfield>
    <subfield code="6">750_000000000000000_&#x179F;&#x17BD;&#x179F;_2011_C281</subfield>
    <subfield code="7">0</subfield>
    <subfield code="9">50964</subfield>
    <subfield code="a">LBC</subfield>
    <subfield code="b">LBC</subfield>
    <subfield code="d">2016-08-29</subfield>
    <subfield code="o">750 &#x179F;&#x17BD;&#x179F; 2011 C281</subfield>
    <subfield code="p">RUA44607</subfield>
    <subfield code="r">2016-08-29</subfield>
    <subfield code="y">KB</subfield>
  </datafield>
  <datafield tag="952" ind1=" " ind2=" ">
    <subfield code="0">0</subfield>
    <subfield code="1">0</subfield>
    <subfield code="4">0</subfield>
    <subfield code="6">750_000000000000000_&#x179F;&#x17BD;&#x179F;_2011_C281</subfield>
    <subfield code="7">0</subfield>
    <subfield code="9">52937</subfield>
    <subfield code="a">LBB</subfield>
    <subfield code="b">LBC</subfield>
    <subfield code="c">B281</subfield>
    <subfield code="d">2016-10-07</subfield>
    <subfield code="o">750 &#x179F;&#x17BD;&#x179F; 2011 C281</subfield>
    <subfield code="p">A00674</subfield>
    <subfield code="r">2016-10-07</subfield>
    <subfield code="w">2016-10-07</subfield>
    <subfield code="y">KB</subfield>
  </datafield>
</record>
